| 000 | 01364cam a2200337 a 4500 | ||
|---|---|---|---|
| 999 |
_c532570 _d532570 |
||
| 001 | 3073169 | ||
| 003 | NUST | ||
| 005 | 20191125162101.0 | ||
| 008 | 971105s1998 nyua 001 0 eng | ||
| 010 | _a 97045237 | ||
| 020 | _a0387984054 (hardcover : alk. paper) | ||
| 038 | _aMSOHAIL | ||
| 040 |
_aDLC _cDLC _dDLC |
||
| 050 | 0 | 0 |
_aQA845 _b.L34 1998 |
| 082 | 0 | 0 |
_a620.001185 _221 |
| 100 | 1 |
_aLayton, Richard A. _c(Mechanical engineer) _926162 |
|
| 245 | 1 | 0 |
_aPrinciples of analytical system dynamics / _cRichard A. Layton. |
| 260 |
_aNew York : _bSpringer, _cc1998. |
||
| 300 |
_axiii, 155 p. : _bill. ; _c24 cm. |
||
| 490 | 1 | _aMechanical engineering series | |
| 504 | _aIncludes bibliographical references (p. 147-150) and index. | ||
| 650 | 0 |
_aDynamics. _97202 |
|
| 650 | 0 |
_aSystem analysis. _92233 |
|
| 650 | 0 |
_aDifferential-algebraic equations. _926163 |
|
| 830 | 0 |
_aMechanical engineering series (Berlin, Germany) _926164 |
|
| 856 | 4 | 2 |
_3Publisher description _uhttp://www.loc.gov/catdir/enhancements/fy0815/97045237-d.html |
| 856 | 4 | 1 |
_3Table of contents only _uhttp://www.loc.gov/catdir/enhancements/fy0815/97045237-t.html |
| 906 |
_a7 _bcbc _corignew _d1 _eocip _f19 _gy-gencatlg |
||
| 942 |
_2ddc _cBK |
||